Science Quiz

Random Science or Math Quiz

Quick Math Challenge II Quiz Stats

Quiz Updated Feb 20, 2016

Challenge
Share
Tweet
Embed
Score 0/27 Timer 02:00
6 Plays Today
Steps % Correct
Triple it27
99%
99
98.7%
- 1116
98.7%
3/4 of this12
97.6%
x 672
97.2%
÷ 89
96.8%
x 545
96.7%
- 1728
96.1%
Halve it = Answer14
95.9%
1111
95.7%
x by itself121
94.7%
- 6556
91.2%
3/7 of this24
86.3%
+ 6791
84.6%
Steps % Correct
÷ 137
81.6%
x 1284
79.9%
3/4 of this63
73.2%
126126
72.9%
Double it = Answer126
71.7%
5/9 of this70
53.3%
x 3.5245
47.1%
20% of this49
41%
7
39.7%
x 17119
34.7%
- 3782
30.7%
Triple it246
28%
+187 = Answer433
21.9%

You're not logged in!

Compare scores with friends on all Sporcle quizzes.
Join for Free
OR
Log In

You Might Also Like...

Show Comments

Extras

Top Quizzes Today


Score Distribution

Your Account Isn't Verified!

In order to create a playlist on Sporcle, you need to verify the email address you used during registration. Go to your Sporcle Settings to finish the process.

Report this User

Report this user for behavior that violates our Community Guidelines.

Details: